| 000 | 01025nam0a2200313 4500 | ||
|---|---|---|---|
| 001 | RU\NLR\BIBL_A\010543755 | ||
| 005 | 20250614065758.0 | ||
| 010 |
_a978-5-9708-0400-1 _9100 |
||
| 021 |
_aRU _b2015-54564 _93222 |
||
| 035 | _a(NILC)RuMoRGB-007516279 | ||
| 035 | _a(NLR Aleph) 010543755 | ||
| 090 |
_a10306557 _c10306557 |
||
| 100 | _a20141125d2013 |||y0rusy50 ca | ||
| 101 | 0 | _arus | |
| 102 | _aRU | ||
| 105 | _aachgz|||000zy | ||
| 200 | 1 |
_aОсобый случай _eрассказы и стихотворения _fЛидия Шляпцева |
|
| 210 |
_aОрел _cКартуш _d2013 |
||
| 215 |
_a251 с. _cил., портр., нот., цв. ил., факс. _d21 |
||
| 686 | 2 | _aШ6(2=Р)8я44 | |
| 700 | 1 |
_aШляпцева _bЛ. Н. _gЛидия Николаевна |
|
| 801 | 0 |
_aRU _bРГБ _c20140707 _gRCR |
|
| 801 | 1 |
_aRU _bРГБ _c20140707 _2rusmarc |
|
| 942 | _cBOOK | ||
| 980 | _aNBR | ||
| 980 | _aNB | ||